000
00235nam a22000857a 4500
008
161215b xxu||||| |||| 00| 0 eng d
100
_9
2064
_a
Garg. P.K
245
_a
Practice Excercises in Mathematics part-I
260
_a
NEW DELHI
_b
NCERT
_c
2005
999
_c
4933
_d
4933